| 000 | 00742nam a2200229 a 4500 | ||
|---|---|---|---|
| 001 | BRCA_7114 | ||
| 005 | 20190321142934.0 | ||
| 008 | 291211c1920----sp-a######---#000-0#spa-# | ||
| 041 | _aspa | ||
| 044 | _aspmx | ||
| 050 | 4 | _b.S43 1920 | |
| 100 | 1 |
_aSesto, Julio _d1879-1960 _917687 |
|
| 245 | 1 | 0 |
_aCactus _bpoesía de la tierra mexicana, sentida y rimada por un corazón hispano _capuntes de Juan Arthenack |
| 260 |
_aMadrid, México _bEdiciones trascendentales de ´El libro español´ _c1920 |
||
| 300 |
_a195 p. _bil. _c20 cm. |
||
| 500 | _aEstado físico: cubiertas y lomo rotos, hojas desprendiéndose. | ||
| 500 | _aO131 | ||
| 650 | 1 | 4 |
_aPoesía _917631 |
| 700 | 1 |
_aArthenack, Juan _ecoaut. _917688 |
|
| 902 | _aGFM | ||
| 942 |
_2lcc _cB |
||
| 999 |
_c6795 _d6795 |
||